Životná etapa - starnutie
Problematika procesu starnutia ako jedného z veľmi významných životných etáp. Aktívne spôsoby starnutia, ktoré môžu byť efektívne pre celú spoločnosť. Rok 2012 bol označovaný ako Európsky rok aktívneho starnutia a solidarity medzi generáciami.
Enregistré dans:
| Auteur principal: | |
|---|---|
| Autres auteurs: | |
| Format: | Chapitre de livre |
| Langue: | slovaque |
| Sujets: | |
| Tags: |
Pas de tags, Soyez le premier à ajouter un tag!
|
MARC
| LEADER | 00000naa$a2200000$$$4500 | ||
|---|---|---|---|
| 001 | 0166088 | ||
| 005 | 20240502072907.8 | ||
| 041 | 0 | |a slo | |
| 044 | |a SK | ||
| 245 | 1 | 0 | |a Životná etapa - starnutie |c Bohuslava Mihalčová, Oto Mihalčo |
| 520 | |a Problematika procesu starnutia ako jedného z veľmi významných životných etáp. Aktívne spôsoby starnutia, ktoré môžu byť efektívne pre celú spoločnosť. Rok 2012 bol označovaný ako Európsky rok aktívneho starnutia a solidarity medzi generáciami. | ||
| 610 | 2 | 0 | |a starnutie populácie |
| 610 | 2 | 0 | |a demografia ekonomická |
| 610 | 2 | 0 | |a skupiny vekové |
| 610 | 2 | 0 | |a generácie |
| 610 | 2 | 0 | |a seniori |
| 610 | 2 | 0 | |a vzťahy genderové |
| 610 | 2 | 0 | |a vzťahy spoločenské |
| 100 | 1 | |a Mihalčová, Bohuslava, 1963- | |
| 700 | 1 | |a Mihalčo, Oto | |